| 000 | 00763nam a2200253Ia 4500 | ||
|---|---|---|---|
| 003 | OSt | ||
| 005 | 20220926012125.0 | ||
| 006 | a|||||r|||| 00| 0 | ||
| 007 | ta | ||
| 008 | 220923b |||||||| |||| 00| 0 eng d | ||
| 020 | _a0207632217 | ||
| 037 | _cGeneral Book | ||
| 040 |
_aRTL _cRTL _beng |
||
| 041 |
_2eng _aeng |
||
| 082 | _aY15-73(Q7):(W:5), N1 | ||
| 100 |
_aMernissi Fatima _920448 |
||
| 245 | 0 |
_aVeil and the male elite _b A feminst interpretation of women's right in Islam |
|
| 260 |
_aNew York _bBasic Books _c1991 |
||
| 300 |
_axii, 228p _ccm. |
||
| 500 | _aAppendix: P 217-225 | ||
| 650 |
_aWomen Right in Islam _9315539 |
||
| 942 |
_hY15-73(Q7):(W:5), N1 _cGB _2CC |
||
| 999 |
_c621762 _d621762 |
||